| 000 | 01356cam a2200337 4500 | ||
|---|---|---|---|
| 001 | ABS67159 | ||
| 008 | 031029n2003 000 0 eng u | ||
| 035 | _a(Sirsi) u124178 | ||
| 245 | _aFlood risk management | ||
| 260 | _c2003 | ||
| 490 |
_aNew Civil Engineer _v2 October 2003, I-XV(14) |
||
| 520 | _aSeries of articles looking at flooding issues. Covers the risk to London from an increase in sea levels; the recreation of lost inter-tidal habitats to provide a buffer between the land and the sea; how technology and new research data help the Environment Agency in flood management role; a review of forthcoming changes in the enforcement of dam and resevoir safety; the lack of engineers in the Environment Agency; and the use of fluvial geomorphology in flood defence engineering. | ||
| 590 | _aABS | ||
| 650 | _aFLOOD MANAGEMENT | ||
| 650 | _aFLOOD DEFENCES | ||
| 650 | _aFLUVIAL GEOMORPHOLOGY | ||
| 650 | _aRIVER MANAGEMENT | ||
| 650 | _aLONDON | ||
| 650 | _aCLIMATE CHANGE | ||
| 650 | _aSEA LEVELS | ||
| 650 | _aCOASTAL DEFENCES | ||
| 650 | _aINTER-TIDAL HABITATS | ||
| 650 |
_aSustainability _96271 |
||
| 650 | _aFLOOD LEVELS | ||
| 650 | _aRESERVOIR SAFETY | ||
| 650 | _aDAMS | ||
| 650 | _aRECRUITMENT | ||
| 650 | _aENGINEERS | ||
| 690 | _aENVIRONMENTAL AND LAND CONSULTANCY-ENVIRONMENTAL MANAGEMENT | ||
| 942 | _n0 | ||
| 999 |
_c73711 _d73711 |
||